Statistics for Word Scramble - The Avengers

Click here to take the quiz!

General Stats

  • This quiz has been taken 493 times
  • The average score is 10 of 12

Answer Stats

Word Answer % Correct
ORHTThor
100%
LUKHHulk
99%
KOILLoki
97%
AIPCTRM AAINEACCaptain America
96%
OALFCNFalcon
92%
NOMR OIAIron Man
90%
WLBAI CWODKBlack Widow
90%
YHEEKWAHawkeye
89%
RLIQCSLKVUEQuicksilver
72%
YFNK IURCNick Fury
64%
CETWAST IHRCLScarlet Witch
59%
TLUONRUltron
55%

Score Distribution

Percentile by Number Answered

Percent of People with Each Score

Your Score History

You have not taken this quiz